Strength in diversity (Record no. 74757)
[ view plain ]
| 000 -LEADER | |
|---|---|
| fixed length control field | 00870cab a2200217 4500 |
| 001 - CONTROL NUMBER | |
| control field | ABS68668 |
| 008 - FIXED-LENGTH DATA ELEMENTS--GENERAL INFORMATION | |
| fixed length control field | 050125n2005 000 0 eng u |
| 035 ## - SYSTEM CONTROL NUMBER | |
| System control number | (Sirsi) u128613 |
| 100 ## - MAIN ENTRY--PERSONAL NAME | |
| Personal name | Dobie, A. |
| 245 ## - TITLE STATEMENT | |
| Title | Strength in diversity |
| 260 ## - PUBLICATION, DISTRIBUTION, ETC. | |
| Date of publication, distribution, etc. | 2005 |
| 490 ## - SERIES STATEMENT | |
| Series statement | RICS Business |
| Volume/sequential designation | January, 30-31(2) |
| 520 ## - SUMMARY, ETC. | |
| Summary, etc. | Looks at RICS efforts to increase its female membership and attract members from a variety of ethnic backgrounds. Considers how the profession can benefit from employing staff from diverse backgrounds. Highlights the "Raising the ratio initiative" and examples of flexible working practices within the profession. |
| 590 ## - LOCAL NOTE (RLIN) | |
| Local note | ABS |
| 650 ## - SUBJECT ADDED ENTRY--TOPICAL TERM | |
| Topical term or geographic name entry element | RICS MEMBERSHIP |
| 650 ## - SUBJECT ADDED ENTRY--TOPICAL TERM | |
| Topical term or geographic name entry element | ABOUT RICS-RICS MEMBERS |
| 650 ## - SUBJECT ADDED ENTRY--TOPICAL TERM | |
| Topical term or geographic name entry element | WOMEN SURVEYORS |
| 650 ## - SUBJECT ADDED ENTRY--TOPICAL TERM | |
| Topical term or geographic name entry element | RECRUITMENT |
| 690 ## - LOCAL SUBJECT ADDED ENTRY--TOPICAL TERM (OCLC, RLIN) | |
| Topical term or geographic name as entry element | MANAGEMENT-BUSINESS MANAGEMENT-PROFESSIONAL PRACTICE |
| 942 ## - ADDED ENTRY ELEMENTS (KOHA) | |
| Suppress in OPAC | 0 |
| Source of classification or shelving scheme | Dewey Decimal Classification |
| Withdrawn status | Lost status | Source of classification or shelving scheme | Damaged status | Not for loan | Home library | Current library | Shelving location | Date acquired | Total Checkouts | Full call number | Barcode | Date last seen | Copy number | Price effective from | Koha item type |
|---|---|---|---|---|---|---|---|---|---|---|---|---|---|---|---|
| Dewey Decimal Classification | London | London | Journal article | 25/01/2005 | ABS68668 | 128613-1001 | 06/08/2019 | 1 | 06/08/2019 | Journal article |